| Tag |
First Indicator |
Second Indicator |
Subfields |
| LEADER |
00000cam a2200000 a 4500 |
| 001 |
in00001002021 |
| 005 |
20150927190512.0 |
| 008 |
900625s1956 txu b 00010 eng d |
| 035 |
|
|
|a (OCoLC)21917019
|
| 035 |
|
|
|9 AEZ9732AM
|
| 040 |
|
|
|a TXA
|c TXA
|d UtOrBLW
|
| 049 |
|
|
|a TXA1 [SHEL]
|
| 090 |
|
|
|a PR5442.E8
|b N67 1956
|
| 100 |
1 |
|
|a Norris, John Melvin.
|
| 245 |
1 |
0 |
|a Shelley the moralist /
|c by John Melvin Norris.
|
| 264 |
|
1 |
|a [Place of publication not identified] :
|b [publisher not identified] ;
|c 1956.
|
| 300 |
|
|
|a vii, 398 pages ;
|c 29 cm.
|
| 336 |
|
|
|a text
|b txt
|2 rdacontent
|
| 337 |
|
|
|a unmediated
|b n
|2 rdamedia
|
| 338 |
|
|
|a volume
|b nc
|2 rdacarrier
|
| 500 |
|
|
|a Vita.
|
| 502 |
|
|
|b Ph.D
|c University of Texas
|d 1956.
|
| 504 |
|
|
|a Includes bibliographical references.
|
| 600 |
1 |
0 |
|a Shelley, Percy Bysshe,
|d 1792-1822.
|
| 999 |
|
|
|a MARS
|
| 999 |
f |
f |
|s 95ae0d80-e3db-3b24-b2dc-6357965aacd1
|i ca659c87-9ac5-3822-a845-b21c1cf087e1
|t 0
|
| 952 |
f |
f |
|p noncirc
|a Texas A&M University
|b College Station
|c Cushing Memorial Library & Archives
|d Cushing: Literature/Shelley (Does not check out)
|t 0
|e PR5442.E8 N67 1956
|h Library of Congress classification
|i unmediated -- volume
|
| 998 |
f |
f |
|a PR5442.E8 N67 1956
|t 0
|l Cushing: Literature/Shelley (Does not check out)
|